<?xml version="1.0" encoding="UTF-8"?>
<record
    xmlns:xsi="http://www.w3.org/2001/XMLSchema-instance"
    xsi:schemaLocation="http://www.loc.gov/MARC21/slim http://www.loc.gov/standards/marcxml/schema/MARC21slim.xsd"
    xmlns="http://www.loc.gov/MARC21/slim">

  <leader>01415nam a2200193 a 4500</leader>
  <controlfield tag="001">000020863</controlfield>
  <controlfield tag="005">20200930011159.0</controlfield>
  <controlfield tag="008">100819s2003    dr ac         001 0 spa d</controlfield>
  <datafield tag="020" ind1=" " ind2=" ">
    <subfield code="a">9993422398</subfield>
  </datafield>
  <datafield tag="040" ind1=" " ind2=" ">
    <subfield code="a">DO-SdBNP</subfield>
    <subfield code="b">spa</subfield>
    <subfield code="c">BNPHU</subfield>
  </datafield>
  <datafield tag="245" ind1="0" ind2="0">
    <subfield code="a">Mi pa&#xED;s :</subfield>
    <subfield code="b">la identidad del joven dominicano /</subfield>
    <subfield code="c">Roberto Polanco.</subfield>
  </datafield>
  <datafield tag="260" ind1=" " ind2=" ">
    <subfield code="a">Santo Domingo :</subfield>
    <subfield code="b">Secretar&#xED;a de Estado de la Juventud,</subfield>
    <subfield code="c">2003.</subfield>
    <subfield code="f">El Nuevo Diario</subfield>
  </datafield>
  <datafield tag="300" ind1=" " ind2=" ">
    <subfield code="a">693 p. :</subfield>
    <subfield code="b">il. ;</subfield>
    <subfield code="c">23 cm.</subfield>
  </datafield>
  <datafield tag="504" ind1=" " ind2=" ">
    <subfield code="a">Incluye bibliograf&#xED;a (p. 693)</subfield>
  </datafield>
  <datafield tag="505" ind1="2" ind2=" ">
    <subfield code="a">Historia de Azua -- Historia de Bahoruco -- Historia de Dajab&#xF3;n -- Historia de SFM (Provincia Duarte) -- Historia de Elias Pi&#xF1;a -- Historia de El Seibo -- Historia de Moca (Provincia Espalliat) -- Historia de La Altagracia -- Historia de La Romana -- Historia de La Vega -- Historia de Nagua (Provincia Mar&#xED;a Trinidad S&#xE1;nchez) -- Historia de Montecristi-- Historia de Peravia -- Historia de Puerto Plata -- Historia de Salcedo -- Historia de Samana -- Historia de Cotu&#xED; (Provincia S&#xE1;nchez Ram&#xED;rez) Historia de San Crist&#xF3;bal -- Historia de Ocoa (Provincia de San Jos&#xE9; de Ocoa) -- Historia de San Juan (Provincia de San Juan de la Maguana) -- Historia de San Pedro de Macor&#xED;s -- Historia de Santiago -- Historia de Sabaneta (Provincia Santiago Rodriguez) -- Historia de Valverde</subfield>
  </datafield>
  <datafield tag="700" ind1="1" ind2=" ">
    <subfield code="a">Polanco, Roberto</subfield>
    <subfield code="9">43733</subfield>
  </datafield>
  <datafield tag="710" ind1="1" ind2=" ">
    <subfield code="a">Agencia de Cooperaci&#xF3;n T&#xE9;cnica Alemana</subfield>
    <subfield code="9">43734</subfield>
  </datafield>
  <datafield tag="049" ind1=" " ind2=" ">
    <subfield code="a">BNPD</subfield>
  </datafield>
  <datafield tag="952" ind1=" " ind2=" ">
    <subfield code="0">0</subfield>
    <subfield code="1">0</subfield>
    <subfield code="7">1</subfield>
    <subfield code="8">PD</subfield>
    <subfield code="a">PD</subfield>
    <subfield code="b">PD</subfield>
    <subfield code="c">CT</subfield>
    <subfield code="d">2010-08-19</subfield>
    <subfield code="i">LF1</subfield>
    <subfield code="l">0</subfield>
    <subfield code="o"> </subfield>
    <subfield code="p">20863-10</subfield>
    <subfield code="r">2020-06-25</subfield>
    <subfield code="w">2020-06-25</subfield>
    <subfield code="y">LFPD</subfield>
    <subfield code="Z">No se presta</subfield>
  </datafield>
  <datafield tag="999" ind1=" " ind2=" ">
    <subfield code="c">20366</subfield>
    <subfield code="d">20366</subfield>
  </datafield>
</record>
